Miasta województwa wielkopolskiego z mapą - Statystyki

Ogólne statystyki
  • Ten quiz został rozwiązany 261 razy
  • Średni wynik to 51 z 119
Odpowiedzi na mapie
Odpowiedzi zakodowano w zielono-czerwonej skali na mapie do tego quizu, zgodnie z poniższymi procentami.
 
Statystyki odpowiedzi
Odpowiedź % Poprawnych
Poznań
96%
Konin
87%
Kalisz
85%
Piła
85%
Leszno
82%
Gniezno
81%
Ostrów Wielkopolski
78%
Września
76%
Środa Wielkopolska
75%
Krotoszyn
73%
Koło
71%
Jarocin
69%
Śrem
69%
Turek
69%
Nowy Tomyśl
67%
Swarzędz
67%
Szamotuły
67%
Kościan
65%
Oborniki
65%
Rawicz
65%
Czarnków
64%
Luboń
64%
Pleszew
64%
Wągrowiec
64%
Złotów
64%
Chodzież
62%
Grodzisk Wielkopolski
62%
Kępno
62%
Mosina
62%
Słupca
61%
Trzcianka
61%
Gostyń
60%
Wolsztyn
58%
Ostrzeszów
57%
Międzychód
56%
Wronki
56%
Puszczykowo
55%
Kórnik
53%
Murowana Goślina
53%
Kostrzyn
51%
Buk
49%
Jastrowie
47%
Opalenica
47%
Pniewy
47%
Pobiedziska
47%
Zbąszyń
47%
Krzyż Wielkopolski
45%
Stęszew
45%
Czempiń
42%
Rogoźno
41%
Książ Wielkopolski
40%
Koźmin Wielkopolski
39%
Nekla
38%
Kłodawa
36%
Nowe Skalmierzyce
36%
Ślesin
36%
Śmigiel
36%
Trzemeszno
36%
Wyrzysk
36%
Borek Wielkopolski
35%
Kaczory
35%
Lwówek
35%
Miejska Górka
35%
Okonek
35%
Osieczna
35%
Sieraków
35%
Dobra
34%
Krajenka
34%
Margonin
34%
Mikstat
34%
Ujście
34%
Budzyń
33%
Kleczew
33%
Szamocin
33%
Witkowo
33%
Bojanowo
32%
Gołańcz
32%
Łobżenica
32%
Golina
31%
Wieleń
31%
Dolsk
30%
Miasteczko Krajeńskie
30%
Opatówek
30%
Rakoniewice
30%
Skoki
30%
Czerniejewo
29%
Grabów nad Prosną
29%
Kłecko
29%
Rychwał
29%
Jutrosin
28%
Krzywiń
28%
Odolanów
28%
Miłosław
27%
Koźminek
26%
Ostroróg
26%
Sompolno
26%
Wysoka
26%
Jaraczewo
25%
Mieścisko
25%
Obrzycko
25%
Pyzdry
25%
Wielichowo
25%
Zagórów
25%
Żerków
25%
Rydzyna
23%
Tuliszków
23%
Poniec
22%
Chocz
21%
Krobia
21%
Przedecz
21%
Rychtal
21%
Zduny
21%
Kobylin
19%
Dąbie
17%
Dobrzyca
17%
Sulmierzyce
17%
Pogorzela
14%
Raszków
14%
Stawiszyn
13%
Nie znaleziono quizów pasujących do podanych kryteriów
Rozkład punktacji
Procent ludzi z każdym wynikiem
Percentyl według liczby udzielonych odpowiedzi
Twoja historia wyników
Nie rozwiązałeś tego quizu